| 000 | 00416nam a2200145 a 4500 | ||
|---|---|---|---|
| 005 | 20140412111406.0 | ||
| 008 | 070227s19uu xx 00 eng d | ||
| 020 | _a0-07-572057-4 | ||
| 050 |
_aTR(GS 372.4 _bMa394 2002 |
||
| 245 |
_aSRA Open court reading : _bChallenge: Blackline masters. |
||
| 260 |
_aColumbus, Ohio : _bMcGrawhill, _c2002. |
||
| 300 | _a124 | ||
| 440 | _aSRA Open court reading | ||
| 999 |
_c105554 _d105554 |
||